00665 2200229 4500001002100000005001700021020002200038035002400060040001200084082001600096084002000112090002000132100002400152245010800176250001100284260003700295300002700332650002100359700002300380850001200403990002000415YOGYA00000000009899720141020094815.0 a978-979-29-2590-6 0010-021400000000508 aYOPDYOG 2[22]a636.3 aDEP 636.3 Agu L aDEP 636.3 Agu L aAGUS RAMADA SETIADI a5 jurus pintar usaha penggemukan domba bebas kandangcAgus Ramada Setiadi ; editor, Th. Arie Prabawati. aCet. 1 aYogyakartabLily Publisherc2013 a60 hlm.bilus.c21 cm. aPeternakan domba aArie Prabawati, Th aYOPDYOG aCB-D.112013-674